Normal view
MARC view
- TRIGNOMETRY-OUTLINES,SYLLABI TRIGNOMETRY-PROBLEMS,EXERCISES
Entry Topical Term
001 - CONTROL NUMBER
- control field: 80408
003 - CONTROL NUMBER IDENTIFIER
- control field: NUST
005 - DATE AND TIME OF LATEST TRANSACTION
- control field: 20210628210649.0
008 - FIXED-LENGTH DATA ELEMENTS
- fixed length control field: 210628|| aca||aabn | a|a d
040 ## - CATALOGING SOURCE
- Original cataloging agency: NUST
- Transcribing agency: NUST
150 ## - HEADING--TOPICAL TERM
- Topical term or geographic name entry element: TRIGNOMETRY-OUTLINES,SYLLABI TRIGNOMETRY-PROBLEMS,EXERCISES
670 ## - SOURCE DATA FOUND
- Source citation: Work cat.: (NUST): Moyer, Robert.E Ayres, Frank 80407, Theory and problems of trigonometry with calculator-based solutions, 1999
